000 00499nam a22001817a 4500
003 MPLRDC
005 20220104144318.0
008 210129b ||||| |||| 00| 0 eng d
020 _a7-5376-0664-1
082 _a539.52 XW v.1 c.2
100 _a邢威、南辉编文
245 _a婚丧祭祀传说
_c王怀琪、田黎明等绘画
250 _a一版一刷
260 _a
_b河北少年儿童出版社
_c1991
300 _b
650 _a中国民间传说
942 _cBK
_o539.52 XW v.1 c.2
999 _c48386
_d48376